000 00335nam a22001457a 4500
008 230405b ||||| |||| 00| 0 eng d
020 _a9780071086707
041 _aeng
080 _2EIGHTH EDITION
_a159.9
082 _a159.9PAY
100 _a25
101 _aPSI
245 _aHUMAN MOTOR DEVELOPMENT
_cPAYNE.G.V
942 _2udc
_cBK
999 _c59507
_d59507